<?xml version="1.0" encoding="UTF-8"?>
<record
    xmlns:xsi="http://www.w3.org/2001/XMLSchema-instance"
    xsi:schemaLocation="http://www.loc.gov/MARC21/slim http://www.loc.gov/standards/marcxml/schema/MARC21slim.xsd"
    xmlns="http://www.loc.gov/MARC21/slim">

  <leader>01938nam a2200325 i 4500</leader>
  <controlfield tag="003">DO-SdBNP</controlfield>
  <controlfield tag="005">20260218132820.0</controlfield>
  <controlfield tag="007">ta</controlfield>
  <controlfield tag="008">260209b2025    dr ||||| |||| 00| 0 spa d</controlfield>
  <datafield tag="020" ind1=" " ind2=" ">
    <subfield code="a">9789945952094</subfield>
  </datafield>
  <datafield tag="040" ind1=" " ind2=" ">
    <subfield code="a">DO-SdBNP</subfield>
    <subfield code="b">spa</subfield>
    <subfield code="c">BNPHU</subfield>
    <subfield code="e">rda</subfield>
  </datafield>
  <datafield tag="041" ind1=" " ind2=" ">
    <subfield code="a">spa</subfield>
  </datafield>
  <datafield tag="082" ind1=" " ind2="4">
    <subfield code="a">294.3444 </subfield>
    <subfield code="b">M618c 2025</subfield>
    <subfield code="2">22</subfield>
  </datafield>
  <datafield tag="100" ind1=" " ind2=" ">
    <subfield code="a">Tsan, Miao</subfield>
    <subfield code="e">autor</subfield>
    <subfield code="4">aut.</subfield>
    <subfield code="9">29850</subfield>
  </datafield>
  <datafield tag="245" ind1="1" ind2="0">
    <subfield code="a">Conversaci&#xF3;n con Buda :</subfield>
    <subfield code="b">perspectivas sobre el Sutra del Diamante /</subfield>
    <subfield code="c">Ven. Miao Tsan ; prefacio, Bhikkhu Shih Miao Tsan.</subfield>
  </datafield>
  <datafield tag="250" ind1=" " ind2=" ">
    <subfield code="a">Segunda edici&#xF3;n </subfield>
  </datafield>
  <datafield tag="264" ind1=" " ind2="4">
    <subfield code="a"> Santo Domingo, Rep&#xFA;blica Dominicana :</subfield>
    <subfield code="a">Garden State, CA, Estados Unidos :</subfield>
    <subfield code="b">Vairocana Zen Monastery,</subfield>
    <subfield code="c">&#xA9;2025.</subfield>
  </datafield>
  <datafield tag="300" ind1=" " ind2=" ">
    <subfield code="a">256 p&#xE1;ginas ;</subfield>
    <subfield code="c">21 cm. </subfield>
  </datafield>
  <datafield tag="336" ind1=" " ind2=" ">
    <subfield code="a">texto</subfield>
    <subfield code="b">txt</subfield>
    <subfield code="2">rdacontent</subfield>
  </datafield>
  <datafield tag="337" ind1=" " ind2=" ">
    <subfield code="a">sin mediaci&#xF3;n </subfield>
    <subfield code="b">n</subfield>
    <subfield code="2">rdamedia</subfield>
  </datafield>
  <datafield tag="338" ind1=" " ind2=" ">
    <subfield code="a">volumen</subfield>
    <subfield code="b">nc</subfield>
    <subfield code="2">rdacarrier</subfield>
  </datafield>
  <datafield tag="500" ind1=" " ind2=" ">
    <subfield code="a">Incluye datos biogr&#xE1;ficos del autor en la solapa de la cubierta.</subfield>
  </datafield>
  <datafield tag="520" ind1=" " ind2=" ">
    <subfield code="a">El Sutra del Diamante es la escritura fundamental del pensamiento prajna (sabidur&#xED;a) del budismo, considerada desde tiempos antiguos como una puerta hacia la iluminaci&#xF3;n. Desde el maestro Huineng, el sexto patriarca del Chan, el budismo Zen ha utilizado el Sutra del Diamante como medio para iluminar la mente y realizar la verdadera naturaleza, estableci&#xE9;ndose as&#xED; la base del pensamiento Chan en China. En esta obra, el Venerable Miao Tsan ofrece una interpretaci&#xF3;n profunda desde la perspectiva contempor&#xE1;nea del Zen, revelando la conexi&#xF3;n entre la sabidur&#xED;a prajna y la esencia de la mente. Este libro no es solo una ex&#xE9;gesis del sutra, sino tambi&#xE9;n un viaje hacia la introspecci&#xF3;n y el despertar espiritual, ideal para todo aquel que anhele descubrir la verdad.</subfield>
  </datafield>
  <datafield tag="590" ind1=" " ind2=" ">
    <subfield code="a">Inventariado, 2026 /LP</subfield>
  </datafield>
  <datafield tag="650" ind1=" " ind2="7">
    <subfield code="a">Vida religiosa</subfield>
    <subfield code="x">Budismo </subfield>
    <subfield code="2">LIBRUNAM </subfield>
    <subfield code="9">89053</subfield>
  </datafield>
  <datafield tag="650" ind1=" " ind2="7">
    <subfield code="a">Budismo Zen </subfield>
    <subfield code="x">Doctrina</subfield>
    <subfield code="2">LIBRUNAM </subfield>
    <subfield code="9">89054</subfield>
  </datafield>
  <datafield tag="650" ind1=" " ind2="7">
    <subfield code="a">Budismo Zen </subfield>
    <subfield code="x">Doctrina</subfield>
    <subfield code="9">89055</subfield>
  </datafield>
  <datafield tag="910" ind1=" " ind2=" ">
    <subfield code="a">LP</subfield>
  </datafield>
  <datafield tag="942" ind1=" " ind2=" ">
    <subfield code="2">ddc</subfield>
    <subfield code="c">LBS1</subfield>
  </datafield>
  <datafield tag="952" ind1=" " ind2=" ">
    <subfield code="0">0</subfield>
    <subfield code="1">0</subfield>
    <subfield code="2">ddc</subfield>
    <subfield code="5">1</subfield>
    <subfield code="7">0</subfield>
    <subfield code="8">PD</subfield>
    <subfield code="a">BNPHU</subfield>
    <subfield code="b">BNPHU</subfield>
    <subfield code="c">HD</subfield>
    <subfield code="d">2025-11-07</subfield>
    <subfield code="e">Donado por Yudellis Espinal </subfield>
    <subfield code="l">0</subfield>
    <subfield code="o">BNPHU PD 294.3444 M618c 2025</subfield>
    <subfield code="p">2026-0884</subfield>
    <subfield code="r">2026-02-09</subfield>
    <subfield code="w">2026-02-09</subfield>
    <subfield code="y">LBS1</subfield>
  </datafield>
  <datafield tag="952" ind1=" " ind2=" ">
    <subfield code="0">0</subfield>
    <subfield code="1">0</subfield>
    <subfield code="2">ddc</subfield>
    <subfield code="5">1</subfield>
    <subfield code="7">0</subfield>
    <subfield code="8">PD</subfield>
    <subfield code="a">BNPHU</subfield>
    <subfield code="b">BNPHU</subfield>
    <subfield code="c">HD</subfield>
    <subfield code="d">2025-11-07</subfield>
    <subfield code="e">Donado por Yudellis Espinal </subfield>
    <subfield code="l">0</subfield>
    <subfield code="o">BNPHU PD 294.3444 M618c 2025</subfield>
    <subfield code="p">2026-0885</subfield>
    <subfield code="r">2026-02-09</subfield>
    <subfield code="t">e.2</subfield>
    <subfield code="w">2026-02-09</subfield>
    <subfield code="y">LBS1</subfield>
  </datafield>
  <datafield tag="952" ind1=" " ind2=" ">
    <subfield code="0">0</subfield>
    <subfield code="1">0</subfield>
    <subfield code="2">ddc</subfield>
    <subfield code="5">6</subfield>
    <subfield code="7">0</subfield>
    <subfield code="8">DS</subfield>
    <subfield code="a">BNPHU</subfield>
    <subfield code="b">BNPHU</subfield>
    <subfield code="c">HD</subfield>
    <subfield code="d">2025-11-07</subfield>
    <subfield code="e">Donado por Yudellis Espinal </subfield>
    <subfield code="l">0</subfield>
    <subfield code="o">BNPHU DS 294.3444 M618c 2025</subfield>
    <subfield code="p">2026-0886</subfield>
    <subfield code="r">2026-02-09</subfield>
    <subfield code="t">e.3</subfield>
    <subfield code="w">2026-02-09</subfield>
    <subfield code="y">LBS1</subfield>
  </datafield>
  <datafield tag="952" ind1=" " ind2=" ">
    <subfield code="0">0</subfield>
    <subfield code="1">0</subfield>
    <subfield code="2">ddc</subfield>
    <subfield code="5">6</subfield>
    <subfield code="7">0</subfield>
    <subfield code="8">DS</subfield>
    <subfield code="a">BNPHU</subfield>
    <subfield code="b">BNPHU</subfield>
    <subfield code="c">HD</subfield>
    <subfield code="d">2025-11-07</subfield>
    <subfield code="e">Donado por Yudellis Espinal </subfield>
    <subfield code="l">0</subfield>
    <subfield code="o">BNPHU DS 294.3444 M618c 2025</subfield>
    <subfield code="p">2026-0887</subfield>
    <subfield code="r">2026-02-09</subfield>
    <subfield code="t">e.4</subfield>
    <subfield code="w">2026-02-09</subfield>
    <subfield code="y">LBS1</subfield>
  </datafield>
  <datafield tag="952" ind1=" " ind2=" ">
    <subfield code="0">0</subfield>
    <subfield code="1">0</subfield>
    <subfield code="2">ddc</subfield>
    <subfield code="5">6</subfield>
    <subfield code="7">0</subfield>
    <subfield code="8">DS</subfield>
    <subfield code="a">BNPHU</subfield>
    <subfield code="b">BNPHU</subfield>
    <subfield code="c">HD</subfield>
    <subfield code="d">2025-11-07</subfield>
    <subfield code="e">Donado por Yudellis Espinal </subfield>
    <subfield code="l">0</subfield>
    <subfield code="o">BNPHU DS 294.3444 M618c 2025</subfield>
    <subfield code="p">2026-0888</subfield>
    <subfield code="r">2026-02-09</subfield>
    <subfield code="t">e.5</subfield>
    <subfield code="w">2026-02-09</subfield>
    <subfield code="y">LBS1</subfield>
  </datafield>
  <datafield tag="999" ind1=" " ind2=" ">
    <subfield code="c">60265</subfield>
    <subfield code="d">60265</subfield>
  </datafield>
</record>
